[Event "BL2-Sued 0607"]
[Site "Germany"]
[Date "2007.02.04"]
[Round "5.5"]
[White "Schmidt Schaeffer, Sebastian"]
[Black "Maeurer, Christoph"]
[Result "1-0"]
[WhiteElo "2370"]
[BlackElo "2260"]
[PlyCount "81"]
[EventDate "2006.10.15"]
[EventType "team-tourn"]
[EventRounds "9"]
[EventCountry "GER"]
[SourceTitle "EXT 2008"]
[Source "ChessBase"]
[SourceDate "2007.11.25"]
[SourceVersion "1"]
[SourceVersionDate "2007.11.25"]
[SourceQuality "1"]
[WhiteTeam "Bad Mergentheim"]
[BlackTeam "Bebenhausen"]
[WhiteTeamCountry "GER"]
[BlackTeamCountry "GER"]

1. f4 Nf6 2. Nf3 g6 3. e3 Bg7 4. Be2 0-0 5. 0-0 d6 6. d4 c5 7. dxc5 dxc5 8. Qe1 Ne4 9. Nbd2 Nxd2 10. Nxd2 e5 11. c3 Nc6 12. Qf2 Qe7 13. Bf3 Be6 14. Bxc6 bxc6 15. fxe5 Bxe5 16. Nf3 Bg7 17. e4 Rfe8 18. Bg5 f6 19. Be3 Bf8 20. Nd2 Rab8 21. b3 a5 22. Rac1 Kg7 23. Rce1 Rb7 24. Qh4 Kg8 25. e5 f5 26. Qa4 Qc7 27. Bf4 Ra7 28. Nc4 Rb8 29. Nd6 Ra6 30. Be3 c4 31. Nxc4 Rb5 32. Bf4 Qg7 33. Nd6 Rd5 34. Ne8 Qa7+ 35. Be3 Bc5 36. Nf6+ Kg7 37. Nxd5 Bxd5 38. Qf4 a4 39. e6 Be4 40. Qe5+ Kg8 41. Bxc5 1-0